000 00280nam a2200121 a 4500
008 100922s1968|||| d
245 1 0 _aDo hrobu sa neponáhľa
100 1 _aFalťan, Samo
260 _bObzor
_aBratislava
_c1968
020 _c24
044 _axo
_cSK
041 _aslo
999 _c10609
_d10609